Nomme les Kpop idols les plus suivis sur instagram - Statistiques

Statistiques générales
  • Ce quiz a été pris 645 fois
  • Le résultat moyen est 18 sur 40
Statistiques - réponses
Hint Réponse % Correct
103M Lisa
98%
85,1M Jennie
97%
78,6M Rose
97%
79M Jisoo
96%
65,7M V
94%
46,6M RM
91%
48,7M Jin
90%
49M Suga
90%
53,2M Jimin
89%
49,6M Jhope
87%
23,2M Felix
72%
21,1M Hyunjin
65%
18,4M Karina
48%
12,5M Nayeon
48%
14,8M Momo
47%
14,4M Kai
44%
32,8M IU
41%
22,3M G Dragon
37%
12,7M Wonyoung
35%
45,6M Eunwoo
34%
13,2M Tzuyu
34%
14,5M Mingyu
33%
18,4M Yeonjun
32%
32,7M Jackson
28%
17,7M Bambam
25%
15,8M Taeyang
24%
18,9M Taeyeon
23%
21,9M Baekhyun
21%
14,4M Joy
21%
19,4M Somi
21%
23,1M Sehun
19%
23,9M Chanyeol
18%
17,4M Yoona
15%
17,4M Hyuna
14%
15,2M Jaehyun
14%
20,1M Suzy
11%
14,3M Lay
9%
13,2M Jaemin
7%
14,9M Jessie
5%
13,9M Mark (GOT7)
2%
Aucun quiz correspondant
Distribution des résultats
% des personnes avec chaque résultat
Percentile par nombre de réponses
Votre historique - résultats
Vous n’avez pas pris ce quiz